Eudised European educational research yearbook : 1996/97 : project reports - people - contacts
Saved in:
| Corporate Author: | |
|---|---|
| Format: | Book |
| Language: | English |
| Published: |
Munchen :
K.G. Saur,
1998
|
| Subjects: | |
| Tags: |
Add Tag
No Tags, Be the first to tag this record!
|
MARC
| LEADER | 00000cam a2200000 i 4500 | ||
|---|---|---|---|
| 001 | 1/26759 | ||
| 008 | 020827s1998 eng d | ||
| 020 | |a 3-598-23463-5 | ||
| 035 | |l 10068311 | ||
| 040 | |a GR-MY-UA |b gre |e aacr | ||
| 041 | 0 | |a eng | |
| 082 | 0 | |a 370.1 | |
| 245 | 1 | 0 | |a Eudised European educational research yearbook : |b 1996/97 : project reports - people - contacts / |c Council of Europe |
| 260 | |a Munchen : |b K.G. Saur, |c 1998 | ||
| 300 | |a 480 p. | ||
| 650 | 0 | 0 | |a Education, Primary |x Periodicals. |
| 650 | 0 | 0 | |a Education, Secondary |x Periodicals. |
| 710 | 2 | |a Council of Europe. | |
| 852 | |a INST |b RHODES |e 20020827 |h 370.1 EUD |p 005400016211 |q 005400016211 |t REF |y 23 | ||
| 901 | |a BIBL4-2002-2 | ||
| 909 | |a Ρ |b 101334 | ||
| 922 | |a 4ΕΛΗ |b 199802 | ||
| 970 | |a ΚΟΥΛΑΚΙΟΤΗ |b ΛΙΤΣΑ |z 2002/08/27 | ||